00476nam a22001697a 450000500170000001000130001702000110003003500130004103700090005408200110006324500590007426000390013327000430017230000200021550500550023570000160029020210716100912.0 aB-740582 c295.00 aB-740582 bGift a443.62 aEnglish-Gujarati dictionary /ccompiled by N.R. Ranina aNew DelhibStar Publicationsc2005 a4/58, Asaf Ali RoadbNew Delhie110002 a639p.c22cm(Hb) aover 20,000 English words translated into Gujarati aN.R. Ranina